Biblioteca y Centro de Documentación

La protection sociale dans les États membres de l'UE et de l'espace économique européen et en Suisse (Registro nro. 17511)

Detalles MARC
000 -CABECERA
Longitud fija campo de control 02099nam a2200433 c 4500
001 - NÚMERO DE CONTROL
Número de control 17511
003 - IDENTIFICADOR DE NÚMERO DE CONTROL
Identificador del número de control ES-MaCES
005 - FECHA Y HORA DE LA ÚLTIMA TRANSACCIÓN
Fecha y hora de la última transacción 20150929135455.0
008 - CAMPO FIJO DE DESCRIPCIÓN FIJA--INFORMACIÓN GENERAL
Códigos de información de longitud fija   050506s2004 lu m000 | fre d
020 ## - ISBN (INTERNATIONAL STANDARD BOOK NUMBER)
Número Internacional Normalizado para Libros (ISBN) 9289484713
035 ## - NÚMERO DE CONTROL DEL SISTEMA
Número de control del sistema CES20050004239m
040 ## - FUENTE DE CATALOGACIÓN
Centro catalogador de origen ES-MaCES
Lengua de catalogación spa
Centro transcriptor ES-MaCES
245 03 - MENCIÓN DE TÍTULO
Título La protection sociale dans les États membres de l'UE et de l'espace économique européen et en Suisse
Resto del título : situation au 1er mai 2004
Mención de responsabilidad, etc. MISSOC, Système mutuel d'information sur la protection sociale
260 ## - PUBLICACIÓN, DISTRIBUCIÓN, ETC (PIE DE IMPRENTA)
Lugar de publicación, distribución, etc. Luxembourg
Nombre del editor, distribuidor, etc. Office des publications officielles des Communautés européennes
Fecha de publicación, distribución, etc. 2005
300 ## - DESCRIPCIÓN FÍSICA
Extensión 945 p.
Dimensiones 21 x 30 cm
490 1# - MENCIÓN DE SERIE
Mención de serie Empleo y asuntos sociales. Seguridad Social e inserción social
500 ## - NOTA GENERAL
Nota general En la port., además: Comission européenne, Direction générale emploi, affaires sociales et égalité des chances, Unité E.4
500 ## - NOTA GENERAL
Nota general Tít. de la cub.: MISSOC 2004
500 ## - NOTA GENERAL
Nota general Publ. también en inglés bajo el tít.: Social protection in the Member States of the European Union of the European Economic Area an in Switzerland, situation on 1 May 2004
500 ## - NOTA GENERAL
Nota general La ed. de 2005 en soporte CD-ROM
541 ## - NOTA DE LA FUENTE INMEDIANTE DE ADQUISICIÓN
Forma de adquisición Gratuito
650 #4 - ASIENTO SECUNDARIO DE MATERIA--TÉRMINO DE MATERIA
Término de materia o nombre geográfico como elemento inicial protección social
9 (RLIN) 29076
650 #4 - ASIENTO SECUNDARIO DE MATERIA--TÉRMINO DE MATERIA
Término de materia o nombre geográfico como elemento inicial seguridad social
9 (RLIN) 27034
650 #4 - ASIENTO SECUNDARIO DE MATERIA--TÉRMINO DE MATERIA
Término de materia o nombre geográfico como elemento inicial régimen universal de prestaciones
9 (RLIN) 30153
650 #4 - ASIENTO SECUNDARIO DE MATERIA--TÉRMINO DE MATERIA
Término de materia o nombre geográfico como elemento inicial 2004
9 (RLIN) 31739
650 #4 - ASIENTO SECUNDARIO DE MATERIA--TÉRMINO DE MATERIA
Término de materia o nombre geográfico como elemento inicial informe
9 (RLIN) 28986
653 10 - TÉRMINO DE INDEXACIÓN--NO CONTROLADO
Término no controlado Asuntos Sociales
650 #4 - ASIENTO SECUNDARIO DE MATERIA--TÉRMINO DE MATERIA
9 (RLIN) 26966
Término de materia o nombre geográfico como elemento inicial Suiza
650 #4 - ASIENTO SECUNDARIO DE MATERIA--TÉRMINO DE MATERIA
9 (RLIN) 29020
Término de materia o nombre geográfico como elemento inicial país de la UE
650 #4 - ASIENTO SECUNDARIO DE MATERIA--TÉRMINO DE MATERIA
9 (RLIN) 26752
Término de materia o nombre geográfico como elemento inicial UE
710 2# - ENCABEZAMIENTO SECUNDARIO--NOMBRE CORPORATIVO
Nombre de entidad o nombre de jurisdicción como elemento inicial Comisión de las Comunidades Europeas
Unidad subordinada Dirección General de Empleo, Asuntos Sociales e Igualdad de Oportunidades
9 (RLIN) 2036
730 0# - ENCABEZAMIENTO SECUNDARIO--TÍTULO UNIFORME
Título uniforme Sistema Mutuo de Información sobre la Protección Social en la Unión Europea
9 (RLIN) 33950
740 02 - ENCABEZAMIENTO SECUNDARIO--TÍTULO ANALÍTICO/RELACIONADO NO CONTROLADO
Título relacionado o analítico no controlado MISSOC 2004
787 0# - ENTRADA DE OTRAS ESPECIFICACIONES
Título Social protection in the Member States of the European Union, of the European Economic Area an in the Switzerland
Número de control del registro relacionado (ES-MaCES)17257
830 #1 - ENCABEZAMIENTO SECUNDARIO DE COLECCIÓN--TÍTULO UNIFORME
Título uniforme Empleo y asuntos sociales
Nombre de parte o sección de la obra Seguridad Social e inserción social
9 (RLIN) 33342
902 ## - CES. TIPO DE DOCUMENTO
Tipodoc (006$c Sirtex) LIB Libro
942 ## - ELEMENTOS KOHA
Fuente de clasificaión o esquema Clasificación propia del CES
Koha [por defecto] tipo de item Monografías
Parte de clasificación 3.3.
Existencias
Número de registro Signatura completa Tipo de item de Koha
060394 DPT-6169 Monografías
© CES, Consejo Económico y Social de España 2021